00293nam a2200109 a 4500008004100000050001500041100001700056245004800073246004400121260000900165350000900174120416s1979 xx |||||||||||||| || u aTX 364 Hoo aHoorweg, Jan10aEvaluation of nutrition education in Africa acommunity research in Uganda, 1971-1972 c1979 a0.00